Category Elimination - New York Knicks - Statistics

General Stats
  • This quiz has been taken 69 times
  • The average score is 16 of 20
Answer Stats
Hint Number Answer % Correct
Current Knicks Players... 17 RJ Barrett/Jalen Brunson/Evan Fournier/Quentin Grimes/Josh Hart/Isaiah Hartenstein/Daquan Jeffries/Trevor Keels/Miles McBride/Immanuel Quickley/Julius Randle/Mitchell Robinson/Isaiah Roby/Derrick Rose/Jericho Sims/Duane Washington Jr./Obi Toppin
100%
Who Scored 100-1,000 Points this Season... 9 Quentin Grimes/Isaiah Hartenstein/Obi Toppin/Mitchell Robinson/Josh Hart/Miles McBride/Jericho Sims/Evan Fournier/Derrick Rose
95%
Who have been in the league over 3 years... 5 Isaiah Hartenstein/Mitchell Robinson/Josh Hart/Evan Fournier/Derrick Rose
93%
Who have played in the Western Conference 3 Isaiah Hartenstein/Josh Hart/Evan Fournier
91%
Who Never Won a championship with the Knicks... 14 Patrick Ewing/Allan Houston/Carl Braun/Richie Guerin/Carmelo Anthony/Bill Cartwright/John Starks/Willie Naulls/Gerald Wilkins/Harry Gallatin/Charles Oakley/Kenny Sears/Ray Williams/Julius Randle
91%
Who Played any time after the year 1980... 8 Patrick Ewing/Allan Houston/Carmelo Anthony/Bill Cartwright/John Starks/Gerald Wilkins/Charles Oakley/Julius Randle
91%
Top 20 All Time Knicks leading scorers... 20 Patrick Ewing/Walt Frazier/Willis Reed/Allan Houston/Carl Braun/Richie Guerin/Carmelo Anthony/Earl Monroe/Dick Barnett/Bill Bradley/Bill Cartwright/John Starks/Willie Naulls/Gerald Wilkins/Harry Gallatin/Charles Oakley/Dave DeBusschere/Kenny Sears/Ray Williams/Julius Randle
91%
Who wore a double-digit number... 15 Julius Randle/David Lee/Allan Houston/Patrick Ewing/Charles Oakley/Mark Jackson/Bernard King/Michael Ray Richardson/Bill Cartwright/Bob McAdoo/Earl Monroe/Walt Frazier/Dave DeBusschere/Bill Bradley/Willis Reed
89%
Knicks All-Stars since 1970 21 Julius Randle/Kristaps Porzingis/Carmelo Anthony/Tyson Chandler/Amar'e Stoudamire/David Lee/Latrell Sprewell/Allan Houston/Patrick Ewing/Charles Oakley/John Starks/Mark Jackson/Bernard King/Michael Ray Richardson/Bill Cartwright/Bob McAdoo/Earl Monroe/Walt Frazier/Dave DeBusschere/Bill Bradley/Willis Reed
89%
Recorded over 3,000 Rebounds... 3 Patrick Ewing/Bill Cartwright/Charles Oakley
88%
Recorded over 2,000 assists... 6 Patrick Ewing/Mark Jackson/Michael Ray Richardson/Earl Monroe/Walt Frazier/Bill Bradley
86%
And has a 100% Playoff 3 Point Percentage? 1 Patrick Ewing
84%
And was born outside of the U.S...? 1 Evan Fournier
82%
Played for at least 3 total teams... 3 Patrick Ewing/Mark Jackson/Michael Ray Richardson
80%
Any Current Knick, All Star Knick since 1970, or top 20 all time Knick scorer 30 Julius Randle/David Lee/Allan Houston/Patrick Ewing/Charles Oakley/Mark Jackson/Bernard King/Michael Ray Richardson/Bill Cartwright/Bob McAdoo/Earl Monroe/Walt Frazier/Dave DeBusschere/Bill Bradley/Willis Reed/RJ Barrett/Jalen Brunson/Evan Fournier/Quentin Grimes/Josh Hart/Isaiah Hartenstein/Daquan Jeffries/Trevor Keels/Miles McBride/Immanuel Quickley/Mitchell Robinson/Isaiah Roby/Derrick Rose/Jericho Sims/Duane Washington Jr./Obi Toppin/Carl Braun/Richie Guerin/Dick Barnett/Willie Naulls/Gerald Wilkins/Harry Gallatin/Kenny Sears/Ray Williams
79%
And was banned from the league...? 1 Michael Ray Richardson
75%
Drafted Top 10 Overall... 10 Patrick Ewing/RJ Barrett/Bill Cartwright/Kristaps Porzingis/Michael Ray Richardson/Kenny Sears/Walt Frazier/Obi Toppin/Willis Reed/Ray Williams
71%
Born in the U.S... 7 Bill Cartwright/Michael Ray Richardson/Kenny Sears/Walt Frazier/Obi Toppin/Willis Reed/Ray Williams
68%
Whose last name is under 8 letters... 4 Kenny Sears/Walt Frazier/Obi Toppin/Willis Reed
63%
And shares his last name with a department store? 1 Kenny Sears
21%
No matching quizzes found
Score Distribution
Percent of People with Each Score
Percentile by Number Answered
Your Score History
You have not taken this quiz